[Event "Tourn. n8422"]
[Site "www.chess-mail.com"]
[Date "2015.10.29"]
[Round "1"]
[White "Yangqi"]
[Black "Cathar"]
[WhiteElo "2550"]
[BlackElo "2260"]
[Result "1-0"]
[Round "1"]
1.d4 Ng8f6
2.Bc1g5 Nf6e4
3.Bg5f4 d6
4.Nb1d2 Ne4xd2
5.Qd1xd2 Nb8d7
6.Ng1f3 c5
7.e3 g6
8.O-O-O Bf8g7
9.h4 h6
10.Kb1 a6
11.Bf1e2 b5
12.dxc5 Nd7xc5
13.Bf4e5 Bg7xe5
14.Nf3xe5 Bc8b7
15.Qd2c3 O-O
16.h5 g5
17.Ne5g4 Kh7
18.f3 Ra8c8
19.Qc3e1 Qd8c7
20.e4 Rf8d8
21.Ng4e3 Nc5a4
22.Be2d3 Na4c5
23.Qe1c3 Nc5xd3
24.Qc3xd3 Kg8
25.Rh1f1 e5
26.Rd1d2 Qc7c5
27.Rf1d1 Rd8d7
28.Ne3f5 Kh7
29.Nf5xd6 Rc8d8
30.Nd6xb7 Rd7xd3
31.cxd3 Qc5d4
32.Nb7xd8 Qd4xd8
33.d4 exd4
34.Rd2xd4 Qd8b6
35.g4 Qb6f6
36.Rd1d3 Kg7
37.Rd4d6 { resign }
1-0

[Event "Tourn. n8386"]
[Site "www.chess-mail.com"]
[Date "2015.10.29"]
[Round "1"]
[White "Amaya"]
[Black "Raulazo"]
[WhiteElo "1990"]
[BlackElo "1830"]
[Result "1-0"]
[Round "1"]
1.d4 e6
2.e3 Ng8f6
3.Bf1d3 d5
4.Nb1d2 Bf8b4
5.c3 Bb4d6
6.f4 a6
7.Ng1f3 h6
8.O-O Nf6g4
9.Qd1e2 Nb8d7
10.Nf3e5 Ng4xe5
11.fxe5 Bd6e7
12.e4 c6
13.exd5 cxd5
14.Qe2h5 Be7g5
15.Nd2f3 Bg5xc1
16.Ra1xc1 Nd7f8
17.Nf3h4 Qd8e7
18.Rf1f2 g6
19.Nh4xg6 Nf8xg6
20.Bd3xg6 fxg6
21.Qh5xg6 Kd8
22.Rf2f7 Qe7g5
23.Qg6xg5 hxg5
24.Rf7g7 Bc8d7
25.Rc1f1 Bd7b5
26.Rf1f7 Ra8b8
27.Rg7xg5 Ke8
28.Rg5g7 Bb5c6
29.Rf7e7 Kd8
30.Re7xe6 Rh8f8
31.Re6f6 Rf8h8
32.Rf6g6 a5
33.Rg7g8 Kc7
34.Rg8xb8 Kxb8
35.g3 Rh8f8
36.h4 Bc6b5
37.Rg6f6 Rf8g8
38.Kh2 Kc8
39.h5 Rg8h8
40.g4 Bb5e2
41.Kg3 Rh8g8
42.Rf6g6 Rg8f8
43.h6 Rf8h8
44.g5 Be2d3
45.Rg6g7 Kb8
46.Kh4 b5
47.Kh5 Bd3e2
48.Kg6 Be2d3
49.Kf7 b4
50.Rg7g8 Rh8xg8
51.Kxg8 Bd3c4
52.cxb4 axb4
53.h7 { resign }
1-0

[Event "Tourn. n8419"]
[Site "www.chess-mail.com"]
[Date "2015.10.29"]
[Round "1"]
[White "Norlavuaram"]
[Black "Estonia"]
[WhiteElo "2170"]
[BlackElo "2120"]
[Result "1-0"]
[Round "1"]
1.e4 d5
2.exd5 Ng8f6
3.Nb1c3 c5
4.Bf1b5 Bc8d7
5.Qd1e2 a6
6.Bb5xd7 Qd8xd7
7.Qe2f3 Qd7d6
8.Ng1e2 Nb8d7
9.O-O Nd7e5
10.Qf3g3 Ne5g6
11.d4 Qd6xg3
12.hxg3 e6
13.dxe6 fxe6
14.dxc5 Bf8xc5
15.Ne2f4 Ng6xf4
16.Bc1xf4 O-O-O
17.Rf1e1 Rh8e8
18.Re1e2 Nf6d5
19.Nc3xd5 Rd8xd5
20.Ra1e1 Kd7
21.Bf4e5 g6
22.Be5c3 b5
23.Kf1 b4
24.Bc3e5 a5
25.c3 Bc5f8
26.cxb4 Bf8xb4
27.Re1c1 Re8c8
28.Be5c3 Bb4xc3
29.bxc3 Rd5c5
30.Re2e3 e5
31.Ke2 Ke6
32.Kd2 Kf5
33.Rc1h1 h5
34.Rh1b1 e4
35.a4 Rc5d5
36.Kc2 Rc8c4
37.Rb1a1 Rd5c5
38.Kb3 g5
39.Ra1d1 Ke6
40.f3 Ke5
41.Rd1e1 Kf6
42.fxe4 Rc5c8
43.Re1f1 Ke6
44.Rf1f2 Rc4c5
45.Rf2d2 Rc8b8
46.Ka3 Rb8b1
47.Re3d3 Rc5c8
48.Rd2b2 Rb1xb2
49.Kxb2 Rc8f8
50.Rd3f3 Rf8d8
51.Rf3f5 Rd8d2
52.Kb3 Rd2xg2
53.Rf5xg5 h4
54.gxh4 Rg2g4
55.Rg5xg4 { resign }
1-0

[Event "Tourn. n8429"]
[Site "www.chess-mail.com"]
[Date "2015.10.29"]
[Round "1"]
[White "Norlavuaram"]
[Black "Bojan"]
[WhiteElo "2190"]
[BlackElo "2040"]
[Result "1-0"]
[Round "1"]
1.e4 e5
2.Ng1f3 Nb8c6
3.Bf1b5 d6
4.c3 Bc8d7
5.O-O a6
6.Bb5a4 Qd8f6
7.d4 exd4
8.cxd4 h6
9.Nb1c3 Bf8e7
10.e5 Qf6g6
11.Ba4c2 Qg6h5
12.Nc3d5 O-O-O
13.Nd5xe7 Ng8xe7
14.exd6 cxd6
15.Bc1f4 Ne7d5
16.Bf4xd6 Bd7g4
17.Bd6g3 Nd5b4
18.Bc2e4 Rh8e8
19.Be4xc6 Nb4xc6
20.Ra1c1 Rd8d5
21.Qd1a4 Re8e6
22.Nf3e5 Rd5d6
23.Ne5xg4 Qh5xg4
24.Bg3xd6 Re6xd6
25.Rf1d1 Kb8
26.h3 Qg4f4
27.g3 Qf4e4
28.Qa4a3 Rd6d7
29.Qa3e3 Qe4d5
30.Qe3f4 Ka7
31.b3 Qd5e6
32.Qf4e3 Qe6d5
33.a3 Rd7e7
34.Qe3c3 Ka8
35.Qc3c5 Qd5d7
36.d5 Nc6e5
37.Qc5c8 Qd7xc8
38.Rc1xc8 Ka7
39.Kg2 b5
40.d6 Re7d7
41.Rc8c7 Kb6
42.f4 { resign }
1-0

[Event "Tourn. n8379"]
[Site "www.chess-mail.com"]
[Date "2015.10.29"]
[Round "1"]
[White "Bojan"]
[Black "Paes19"]
[WhiteElo "1920"]
[BlackElo "2000"]
[Result "0-1"]
[Round "1"]
1.e4 c5
2.Bf1c4 Nb8c6
3.Qd1h5 e6
4.c3 Ng8f6
5.Qh5g5 Nf6xe4
6.Qg5xd8 Nc6xd8
7.d3 Ne4d6
8.Bc4b3 Nd8c6
9.Bc1e3 b6
10.f3 Bf8e7
11.Nb1d2 Bc8b7
12.Ng1e2 O-O
13.Nd2e4 f5
14.Ne4xd6 Be7xd6
15.d4 f4
16.Be3d2 Rf8f6
17.d5 exd5
18.Kf2 c4
19.Bb3c2 Bd6c5
20.Kf1 Bc5e3
21.Ke1 Ra8e8
22.Bd2xe3 Re8xe3
23.Kf2 g5
24.g3 Rf6e6
25.Ra1e1 b5
26.gxf4 gxf4
27.Rh1g1 Kh8
28.Bc2f5 Re6e7
29.Rg1g4 b4
30.cxb4 Nc6d4
31.Ne2xd4 Re3xe1
32.Rg4xf4 Re1a1
33.b3 Ra1xa2
34.Kg3 Re7g7
35.Kh3 Ra2b2
36.Bf5c2 cxb3
37.Bc2xb3 Rg7g2
38.Rf4f7 Rg2xh2
39.Kg4 Bb7c6
40.b5 Bc6xb5
41.Bb3xd5 Rb2b4
42.Kg3 Rb4xd4
43.Rf7f8 Kg7
44.Rf8g8 Kh6
45.Kxh2 Rd4xd5
46.Kg3 Rd5g5
{ resign }
0-1

[Event "Tourn. n8416"]
[Site "www.chess-mail.com"]
[Date "2015.10.29"]
[Round "1"]
[White "Mitja"]
[Black "Bevittsmith"]
[WhiteElo "2000"]
[BlackElo "2260"]
[Result "1/2-1/2"]
[Round "1"]
1.d4 Ng8f6
2.e3 g6
3.Ng1f3 d5
4.c3 Bf8g7
5.Nb1d2 O-O
6.Nd2b3 c6
7.h3 Nb8d7
8.Bf1e2 Qd8c7
9.O-O a5
10.c4 dxc4
11.Be2xc4 e5
12.dxe5 Nd7xe5
13.Nf3xe5 Qc7xe5
14.Nb3d4 Bc8d7
15.Nd4f3 Qe5c7
16.Bc1d2 Nf6e4
17.Bd2c1 b5
18.Bc4d3 Ne4c5
19.Bd3c2 Rf8d8
20.Qd1e2 Bd7e6
21.Rf1d1 Rd8xd1
22.Qe2xd1 Ra8d8
23.Qd1e1 Nc5d3
24.Bc2xd3 Rd8xd3
25.Nf3d4 Bg7xd4
26.exd4 Rd3xd4
27.Bc1e3 Rd4d5
28.b3 c5
29.Ra1d1 Rd5xd1
30.Qe1xd1 f6
31.Qd1d3 c4
32.bxc4 Be6xc4
33.Qd3c3 Kf7
34.a3 Qc7d8
{ draw }
1/2-1/2

[Event "Tourn. n8336"]
[Site "www.chess-mail.com"]
[Date "2015.10.29"]
[Round "1"]
[White "Julianlore"]
[Black "Jaroslavpech"]
[WhiteElo "2560"]
[BlackElo "2320"]
[Result "1-0"]
[Round "1"]
1.e4 e5
2.Ng1f3 Nb8c6
3.Bf1b5 Bf8c5
4.c3 Ng8f6
5.O-O Nf6xe4
6.d4 exd4
7.cxd4 Bc5b6
8.d5 Nc6e7
9.Bb5d3 Ne4c5
10.d6 cxd6
11.Nb1c3 d5
12.Bd3c2 Nc5e6
13.Nc3xd5 Ne7xd5
14.Qd1xd5 O-O
15.Bc1d2 d6
16.Bd2c3 Ne6c7
17.Qd5d2 d5
18.Rf1e1 f6
19.a4 Rf8f7
20.Ra1c1 a5
21.b4 axb4
22.Bc3xb4 Bc8g4
23.a5  { time }
1-0

[Event "Tourn. n8459"]
[Site "www.chess-mail.com"]
[Date "2015.10.29"]
[Round "1"]
[White "Estonia"]
[Black "Jhw"]
[WhiteElo "2090"]
[BlackElo "2000"]
[Result "0-1"]
[Round "1"]
1.d4 e6
2.c4 c5
3.e3 Ng8f6
4.Nb1c3 a6
5.Ng1f3 Bf8e7
6.Bf1d3 d5
7.O-O Bc8d7
8.cxd5 exd5
9.dxc5 Be7xc5
10.Nf3e5 h5
11.Ne5xd7 Qd8xd7
12.Bc1d2 b5
13.a4 b4
14.Nc3b5 Qd7b7
{ resign }
0-1

[Event "Tourn. n8368"]
[Site "www.chess-mail.com"]
[Date "2015.10.29"]
[Round "1"]
[White "Gimmyg"]
[Black "Tartan"]
[WhiteElo "2440"]
[BlackElo "2490"]
[Result "1-0"]
[Round "1"]
1.d4 Ng8f6
2.Ng1f3 d5
3.b3 Bc8f5
4.e3 e6
5.Bf1d3 Bf5xd3
6.cxd3 c5
7.Bc1b2 cxd4
8.Nf3xd4 Nb8d7
9.O-O Bf8e7
10.Nb1d2 O-O
11.Ra1c1 Ra8c8
12.Rc1xc8 Qd8xc8
13.Qd1e2 Qc8b8
14.f4 Be7c5
15.Rf1c1 Qb8d6
16.a3 a5
17.Nd2f3 Qd6b6
18.Qe2d2 Rf8d8
19.a4 Rd8e8
20.Bb2c3 Re8a8
21.Rc1e1 Qb6c7
22.Nd4b5 Qc7b6
23.Nf3d4 Nf6e8
24.Re1c1 Ne8c7
25.Nb5xc7 Qb6xc7
26.Nd4b5 Qc7b6
27.Kf2 f6
28.g3 Kh8
29.d4 Bc5f8
30.Bc3b2 f5
31.Qd2c2 Nd7f6
32.Qc2c7 Qb6a6
33.Qc7f7 Nf6e4
34.Kg2 Bf8b4
35.Rc1c7 { resign }
1-0

[Event "Tourn. n8325"]
[Site "www.chess-mail.com"]
[Date "2015.10.29"]
[Round "1"]
[White "Micheles"]
[Black "Yangqi"]
[WhiteElo "2530"]
[BlackElo "2470"]
[Result "1/2-1/2"]
[Round "1"]
1.d4 Ng8f6
2.Ng1f3 g6
3.Bc1g5 Bf8g7
4.Nb1d2 O-O
5.e4 d5
6.exd5 Nf6xd5
7.c3 h6
8.Bg5h4 Nb8d7
9.Bf1c4 Nd5b6
10.Bc4b3 c5
11.O-O cxd4
12.Nf3xd4 Nd7c5
13.Bb3c2 g5
14.Bh4g3 Bg7xd4
15.cxd4 Qd8xd4
16.Nd2b3 Nc5xb3
17.axb3 Qd4xd1
18.Rf1xd1 Bc8e6
19.f4 Be6d5
20.Rd1d2 e6
21.h4 gxf4
22.Bg3xf4 Kg7
23.Bf4e3 Rf8g8
24.Ra1f1 f6
25.h5 Ra8c8
26.Rf1f4 Kf7
27.Bc2g6 Ke7
28.Rf4b4 Nb6d7
29.Be3xh6 Nd7e5
30.Rd2xd5 exd5
31.Rb4xb7 Ke6
32.Bg6h7 Rg8h8
33.Bh6f4 Rc8a8
34.Rb7g7 d4
35.h6 f5
36.Kf2 a6
37.Ke2 Ra8c8
38.Kd2 d3
39.Ke1 Rc8f8
40.Kd2 Rf8a8
41.Bf4g5 Ra8c8
42.Rg7e7 Kd6
43.Bh7xf5 Rc8c2
44.Kd1 Rh8xh6
45.Bf5xd3 Rc2xg2
46.Re7xe5 Rh6h1
47.Re5e1 Rh1xe1
{ draw }
1/2-1/2

[Event "Tourn. n8391"]
[Site "www.chess-mail.com"]
[Date "2015.10.29"]
[Round "1"]
[White "Fred"]
[Black "Bira47"]
[WhiteElo "1950"]
[BlackElo "2050"]
[Result "1-0"]
[Round "1"]
1.e4 c5
2.f4 e6
3.Ng1f3 h6
4.c3 Bf8e7
5.e5 Be7h4
6.g3 Bh4e7
7.Bf1g2 Nb8c6
8.d3 d5
9.d4 c4
10.O-O b5
11.b3 Bc8b7
12.Bc1e3 b4
13.bxc4 dxc4
14.cxb4 Be7xb4
15.Qd1a4 Ng8e7
16.a3 Bb4a5
17.Qa4xc4 O-O
18.Nb1d2 Ne7d5
19.Be3f2 Ra8c8
20.Qc4b3 Bb7a6
21.Nd2c4 Ba6xc4
22.Qb3xc4 Nc6e7
23.Qc4d3 Rc8c3
24.Qd3e2 Qd8c7
25.Ra1a2 Rf8c8
26.Nf3e1 Qc7c4
27.Qe2xc4 Rc8xc4
28.Bg2e4 f5
29.Be4d3 Rc4c7
30.Bd3b5 Nd5e3
31.Bf2xe3 Rc3xe3
32.Ne1c2 Re3e2
33.Bb5xe2 Ne7d5
34.Be2f3 Nd5c3
35.Ra2b2 g5
36.fxg5 hxg5
37.Rb2b8 Kf7
38.Bf3h5 Ke7
39.Kg2 Nc3e4
40.Nc2b4 Ba5b6
41.d5  { time }
1-0

[Event "Match"]
[Site "www.echecsemail.com"]
[Date "2015.10.29"]
[Round "1"]
[White "Carlosto"]
[Black "Daviko"]
[WhiteElo "1630"]
[BlackElo "1309"]
[Result "0-1"]
[Round "1"]
1.d4 d6
2.e4 Nb8c6
3.Ng1f3 Ng8f6
4.Bf1d3 e5
5.d5 Nf6h5
6.dxc6 bxc6
7.Bc1g5 Bf8e7
8.Bg5xe7 Qd8xe7
9.Nb1c3 g5
10.g3 d5
11.h4 dxe4
12.Bd3xe4 Bc8g4
13.Qd1d2 Nh5f6
14.Nf3xg5 Nf6xe4
15.Ng5xe4 Qe7b4
16.Ne4f6 Kf8
17.a3 Qb4xb2
18.O-O Bg4f5
19.Rf1e1 Kg7
20.Qd2g5 Kf8
21.Nc3a4 Qb2xc2
22.Qg5xf5 Qc2xf5
{ resign }
0-1

[Event "Match"]
[Site "www.echecsemail.com"]
[Date "2015.10.29"]
[Round "1"]
[White "Carlosto"]
[Black "Rocio"]
[WhiteElo "1610"]
[BlackElo "1749"]
[Result "0-1"]
[Round "1"]
1.d4 d5
2.Ng1f3 Bc8g4
3.Nf3e5 Bg4h5
4.Nb1d2 Ng8f6
5.f3 Nb8d7
6.g4 Bh5g6
7.e4 dxe4
8.Ne5xg6 hxg6
9.fxe4 Nd7b6
10.Bf1g2 Qd8xd4
11.Qd1e2 O-O-O
12.Nd2b3 Qd4d7
13.e5 Nf6xg4
14.Qe2e4 c6
15.Nb3c5 Qd7d1
{ resign }
0-1

[Event "Match"]
[Site "www.echecsemail.com"]
[Date "2015.10.29"]
[Round "1"]
[White "Ericleo1980"]
[Black "Stevep84"]
[WhiteElo "1809"]
[BlackElo "2130"]
[Result "1-0"]
[Round "1"]
1.e4 c6
2.d4 d5
3.Nb1c3 dxe4
4.Nc3xe4 Bc8f5
5.Ne4g3 Bf5g6
6.h4 h5
7.Ng1f3 Nb8d7
8.Bc1f4 Ng8f6
9.Bf1d3 Bg6xd3
10.Qd1xd3 e6
11.c4 Qd8a5
12.Nf3d2 O-O-O
13.O-O Bf8e7
14.a3 Rd8g8
15.b4 Qa5b6
16.a4 Qb6xb4
17.Rf1b1 Qb4a5
18.Nd2b3 Qa5d8
19.a5 a6
20.Nb3d2 Nd7f8
21.Rb1xb7 Be7d6
22.Bf4xd6 Qd8xd6
23.Ra1b1 Nf8d7
24.Ng3e4 Qd6f4
25.g3 Qf4g4
26.Ne4d6 Kd8
27.Nd6xf7 Ke7
28.Nf7xh8 Rg8xh8
29.Qd3a3 Kf7
30.Nd2f3 Qg4f5
31.Nf3e5 Kg8
32.Ne5xd7 Nf6xd7
33.Qa3e7 Qf5f6
34.Rb7xd7 Qf6xe7
35.Rd7xe7 Rh8h6
36.Rb1e1 Kf8
37.Re7xe6 Rh6xe6
38.Re1xe6 { resign }
1-0

[Event "Match"]
[Site "www.echecsemail.com"]
[Date "2015.10.29"]
[Round "1"]
[White "Johndyson"]
[Black "Joseph1983"]
[WhiteElo "2400"]
[BlackElo "2170"]
[Result "1-0"]
[Round "1"]
1.d4 d5
2.c4 Nb8c6
3.Nb1c3 Ng8f6
4.cxd5 Nf6xd5
5.Ng1f3 Bc8g4
6.e4 Nd5b6
7.d5 Bg4xf3
8.gxf3 Nc6b8
9.Qd1b3 g6
10.a4 a5
11.Bc1f4 Bf8g7
12.Nc3b5 Nb8a6
13.Nb5xc7 { resign }
1-0

[Event "Match"]
[Site "www.echecsemail.com"]
[Date "2015.10.29"]
[Round "1"]
[White "Chapi"]
[Black "Ztornad"]
[WhiteElo "2070"]
[BlackElo "1760"]
[Result "1-0"]
[Round "1"]
1.d4 g6
2.Ng1f3 Bf8g7
3.c3 d5
4.Bc1f4 c6
5.Nb1d2 f6
6.e4 Bc8e6
7.Bf1d3 dxe4
8.Nd2xe4 Bg7h6
9.Qd1d2 g5
10.Bf4e3 f5
11.Ne4c5 Be6d5
12.Bd3xf5 Ng8f6
13.Be3xg5 Bh6g7
14.Nc5e6 Qd8b6
15.Ne6xg7 Kf7
16.Bg5xf6 exf6
17.Ng7h5 Rh8e8
18.Kf1 Bd5c4
19.Bf5d3 Bc4d5
20.Qd2f4 Nb8d7
21.Nf3g5 Ke7
22.Ra1e1 Nd7e5
23.Qf4xf6 Kd7
24.Re1xe5 Bd5xg2
25.Kxg2 Re8xe5
26.Qf6xe5 c5
27.Qe5f5 Kc6
28.Qf5e6 Kc7
29.Qe6xb6 axb6
30.a3 h6
31.Ng5e6 Kd7
32.d5 Ra8e8
33.Bd3b5 Kd6
34.Bb5xe8 Kxd5
35.Ne6d8 Kc4
36.f4 Kb3
37.Rh1b1 Kc4
38.f5 b5
39.f6 Kb3
40.f7 Kc2
41.Rb1f1 Kxb2
42.f8Q Kxa3
43.Qf8xc5 Kb3
44.Be8g6 b4
45.Qc5xb4 Ka2
46.Bg6f7 { resign }
1-0

[Event "Match"]
[Site "www.echecsemail.com"]
[Date "2015.10.29"]
[Round "1"]
[White "Nugun"]
[Black "Mrmoto"]
[WhiteElo "1580"]
[BlackElo "1540"]
[Result "1-0"]
[Round "1"]
1.c4 c5
2.e3 e5
3.g3 d5
4.Ng1f3 e4
5.Nf3e5 Bc8e6
6.b3 f6
7.Ne5g4 h5
8.Ng4xf6 Qd8xf6
9.Nb1c3 a6
10.Bf1g2  { time }
1-0

[Event "Match"]
[Site "www.echecsemail.com"]
[Date "2015.10.29"]
[Round "1"]
[White "Cardiff"]
[Black "Cristiano"]
[WhiteElo "1780"]
[BlackElo "2010"]
[Result "0-1"]
[Round "1"]
1.Ng1f3 d6
2.d4 Ng8f6
3.c4 g6
4.Nb1c3 Bf8g7
5.e4 Nb8d7
6.Bf1e2 O-O
7.h3 e5
8.d5 a6
9.O-O Nd7c5
10.Qd1c2 Ra8b8
11.b4 Nc5d7
12.Bc1b2 Rb8a8
13.a4 b6
14.a5 Bc8b7
15.Ra1a2 Qd8c8
16.Rf1e1 Nf6h5
17.Be2f1 f5
18.Nf3g5 c5
19.bxc5 bxc5
20.Ng5e6 Rf8f7
21.Bf1e2 Nh5f6
22.Ne6g5 Rf7e7
23.Ng5e6 fxe4
24.Nc3xe4 Nf6xe4
25.Ne6xg7 Kxg7
26.Qc2xe4 Nd7f6
27.Qe4c2 Qc8f8
28.Be2f3 Bb7c8
29.g3 Bc8xh3
30.Re1b1 Bh3f5
31.Qc2d2 Bf5xb1
{ resign }
0-1

[Event "Match"]
[Site "www.echecsemail.com"]
[Date "2015.10.29"]
[Round "1"]
[White "Mitja"]
[Black "Ssharp"]
[WhiteElo "1960"]
[BlackElo "2250"]
[Result "0-1"]
[Round "1"]
1.d4 d5
2.e3 e6
3.Ng1f3 c5
4.dxc5 Bf8xc5
5.c3 Ng8f6
6.Nb1d2 Nb8c6
7.Nd2b3 Bc5d6
8.Nb3d4 e5
9.Nd4xc6 bxc6
10.a3 Bc8g4
11.Bf1e2 Bg4xf3
12.Be2xf3 e4
13.Bf3e2 O-O
14.h3 Ra8b8
15.Qd1a4 Qd8c7
16.b4 Nf6d7
17.Bc1b2 Bd6e5
18.Ra1b1 f5
19.f4 Be5f6
20.O-O Qc7b6
21.Qa4c2 Qb6xe3
22.Kh1 Qe3g3
23.Qc2d2 Bf6h4
24.Bb2c1 Nd7f6
25.Qd2d4 Rb8b7
26.Bc1d2 Qg3g6
27.Qd4e3 Nf6h5
28.Be2xh5 Qg6xh5
29.Kh2 Bh4d8
30.g3 Rf8f6
31.Rf1h1 Rf6h6
32.Kg2 Bd8b6
33.Qe3e1 Qh5f3
34.Kh2 Bb6f2
{ resign }
0-1

[Event "Match"]
[Site "www.echecsemail.com"]
[Date "2015.10.29"]
[Round "1"]
[White "Fangshuo"]
[Black "Goosebumps"]
[WhiteElo "2190"]
[BlackElo "2119"]
[Result "1-0"]
[Round "1"]
1.e4 Nb8c6
2.Ng1f3 d6
3.d4 Ng8f6
4.Nb1c3 e5
5.d5 Nc6e7
6.Bc1g5 Ne7g6
7.Bg5xf6 Qd8xf6
8.Bf1b5 Bc8d7
9.Bb5xd7 Kxd7
10.g3 Ra8d8
11.Qd1e2 Bf8e7
12.O-O-O Kc8
13.Nf3d2 a6
14.Nd2c4 Ng6f8
15.Nc4a5 Nf8d7
16.Na5c6 Rd8e8
17.Kb1 Nd7b6
18.a4 Nb6d7
19.Qe2e3 bxc6
20.dxc6 Nd7b8
21.Nc3d5 Qf6g6
22.Qe3a7 Qg6xe4
23.Qa7xc7 
1-0

[Event "Match"]
[Site "www.echecsemail.com"]
[Date "2015.10.29"]
[Round "1"]
[White "Cheminet"]
[Black "Fangshuo1"]
[WhiteElo "1600"]
[BlackElo "1840"]
[Result "1-0"]
[Round "1"]
1.e4 e6
2.Nb1c3 d5
3.d4 c5
4.Bc1e3 Nb8c6
5.Ng1f3 cxd4
6.Nf3xd4 Nc6xd4
7.Qd1xd4 Ng8f6
8.Bf1b5 Bc8d7
9.e5 Bd7xb5
10.exf6 gxf6
11.Nc3xb5 Qd8a5
12.Nb5c3 e5
13.Qd4xd5 Qa5xd5
14.Nc3xd5 O-O-O
15.Ra1d1 b6
16.O-O Bf8g7
17.Nd5e7 Kb7
18.Ne7f5 Rd8xd1
19.Rf1xd1 Bg7f8
20.Rd1d8 Kc7
21.Rd8a8 Kb7
22.Ra8e8 h5
23.Nf5d6 Kc7
24.Nd6xf7 Rh8g8
25.h3 Kd7
26.Re8a8 Ke6
27.Ra8xa7 Kd5
28.Be3xb6 Bf8c5
29.Ra7d7 Ke6
30.Rd7d8 Bc5xb6
31.Rd8xg8 Kxf7
32.Rg8b8 Bb6c7
33.Rb8b7 { resign }
1-0

[Event "Match"]
[Site "www.echecsemail.com"]
[Date "2015.10.29"]
[Round "1"]
[White "Ericleo1980"]
[Black "Krystek23"]
[WhiteElo "1809"]
[BlackElo "2330"]
[Result "1-0"]
[Round "1"]
1.e4 c5
2.Ng1f3 e6
3.d4 cxd4
4.Nf3xd4 h6
5.Nb1c3 Nb8c6
6.Bc1e3 Ng8e7
7.Nd4b3 Ne7g6
8.a3 Bf8e7
9.Bf1e2 a6
10.O-O O-O
11.Be2h5 Ng6e5
12.Bh5e2 b5
13.Nb3d2 Bc8b7
14.f4 Ne5g6
15.g3 Rf8e8
16.Be2f3 Ra8c8
17.Nd2b3 Ng6f8
18.Qd1d2 d6
19.Bf3h5 Be7f6
20.Ra1d1 Bf6xc3
21.bxc3 Nc6e7
22.Bh5f3 d5
23.exd5 Ne7xd5
24.Be3d4 Nf8d7
25.Rd1e1 Bb7a8
26.Bf3g2 Rc8c4
27.Rf1f3 Rc4a4
28.Re1a1 e5
29.fxe5 Nd7xe5
30.Rf3f5 Ne5c4
31.Qd2f2 Nd5e3
32.Rf5xf7 Ba8xg2
33.Rf7xg7 { resign }
1-0

[Event "Match"]
[Site "www.echecsemail.com"]
[Date "2015.10.29"]
[Round "1"]
[White "Silent1"]
[Black "Jhw"]
[WhiteElo "1870"]
[BlackElo "1910"]
[Result "0-1"]
[Round "1"]
1.d4 c5
2.d5 Qd8b6
3.c4 e6
4.e4 exd5
5.cxd5 g6
6.Ng1f3 Ng8f6
7.Bf1d3 Qb6b4
8.Qd1d2 c4
9.Bd3c2 a5
10.O-O Qb4c5
11.Qd2e3 Nf6g4
12.Qe3xc5 Bf8xc5
13.Nb1c3 d6
14.h3 Ng4e5
15.Nf3xe5 dxe5
16.Nc3a4 Bc5b4
17.Na4b6 Ra8a6
18.Nb6xc8 O-O
19.a3 Bb4c5
20.Nc8e7 Bc5xe7
21.Bc1e3 Rf8c8
22.Bc2a4 c3
23.bxc3 Rc8xc3
24.Rf1c1 Rc3xc1
25.Be3xc1 Ra6b6
26.Bc1e3 Rb6b2
27.f3 b5
28.Ba4d1 Nb8d7
29.Kf1 Nd7f6
30.Be3g5 Kg7
31.Bd1e2 Be7c5
32.Bg5xf6 Kxf6
33.g3 Bc5d4
34.Ra1b1 Rb2xb1
35.Kg2 b4
{ resign }
0-1

[Event "Match"]
[Site "www.echecsemail.com"]
[Date "2015.10.29"]
[Round "1"]
[White "Carlosto"]
[Black "Rocio"]
[WhiteElo "1630"]
[BlackElo "1499"]
[Result "0-1"]
[Round "1"]
1.d4 d5
2.Ng1f3 Bc8g4
3.Nf3e5 Ng8f6
4.Bc1g5 Bg4f5
5.e3 h6
6.Bg5f4 Nb8d7
7.Bf1d3 Bf5xd3
8.cxd3 e6
9.O-O g5
10.Bf4g3 Bf8d6
11.Qd1a4 h5
12.h4 Nf6g4
13.Nb1c3 c6
14.Ra1c1 Nd7xe5
15.dxe5 Bd6xe5
16.d4 Be5f6
17.hxg5 Bf6xg5
18.Rf1e1 Qd8f6
19.f4 Bg5h4
20.Bg3xh4 Qf6xh4
21.Kf1 Qh4f2
{ resign }
0-1

[Event "1/128 Finale"]
[Site "www.chess-mail.com"]
[Date "2015.10.29"]
[Round "1"]
[White "Osopanda"]
[Black "Bluetealeaf"]
[WhiteElo "1970"]
[BlackElo "1750"]
[Result "1-0"]
[Round "1"]
1.c4 e5
2.Nb1c3 c6
3.e4 Ng8f6
4.d3 Qd8b6
5.Ng1e2 Nf6g4
6.d4 Bf8b4
7.Bc1d2 exd4
8.Nc3a4 Bb4xd2
9.Qd1xd2 Qb6c7
10.h3 Ng4e5
11.Qd2xd4 f6
12.f4 Ne5g6
13.g3 Nb8a6
14.O-O-O O-O
15.Na4c5 Na6xc5
16.Qd4xc5 b6
17.Qc5e3 Bc8a6
18.b3 b5
19.c5 Qc7a5
20.Kb1 Qa5a3
21.Rh1h2 Rf8f7
22.Ne2d4 b4
23.Bf1xa6 Qa3xa6
24.e5 Rf7e7
25.Nd4f5 Re7e6
26.Rd1xd7 Ng6e7
27.Nf5xe7 Kf8
28.Rh2d2 Ra8e8
29.Ne7f5 Qa6f1
30.Kb2 Re8b8
31.Rd7xg7 fxe5
32.Rg7xh7 Kg8
33.Rh7e7 Re6f6
34.Qe3xe5 Rb8f8
35.Nf5h6 Kh8
36.Qe5h5 Qf1b5
37.Nh6f5 { resign }
1-0

[Event "1/64 Finale"]
[Site "www.chess-mail.com"]
[Date "2015.10.29"]
[Round "1"]
[White "Stepanpech"]
[Black "Senitram"]
[WhiteElo "2400"]
[BlackElo "2610"]
[Result "0-1"]
[Round "1"]
1.e4 c5
2.Ng1f3 d6
3.d4 cxd4
4.Nf3xd4 Ng8f6
5.Nb1c3 Nb8c6
6.Bc1g5 a6
7.Qd1d2 Bc8d7
8.O-O-O e6
9.f3 Nc6xd4
10.Qd2xd4 Bf8e7
11.h4 O-O
12.g4 Bd7c6
13.Bg5e3 Nf6d7
14.Kb1 b5
15.h5 h6
16.a3 Rf8e8
17.Qd4d2 Ra8b8
18.Rh1g1 Nd7e5
19.Bf1e2 a5
20.g5 hxg5
21.Be3xg5 b4
 { time }
0-1

[Event "Fast Game"]
[Site "www.echecsemail.com"]
[Date "2015.10.29"]
[Round "1"]
[White "Raven16"]
[Black "Fabos12"]
[WhiteElo "1599"]
[BlackElo "1590"]
[Result "1-0"]
[Round "1"]
1.d4 d5
2.Ng1f3 Bc8f5
3.Nb1c3 Nb8c6
4.Bc1f4 a6
5.e3 Ng8f6
6.Bf1d3 Bf5g6
7.a3 Nf6e4
8.O-O e6
9.Nf3d2 Ne4xc3
10.bxc3 Bf8d6
11.Bf4xd6 Qd8xd6
12.e4 Qd6f4
13.exd5 exd5
14.Rf1e1 Kd7
15.Nd2f3 Ra8e8
16.Re1xe8 Rh8xe8
17.c4 Nc6xd4
18.Nf3xd4 dxc4
19.Bd3xc4 Kc8
20.Bc4d3 Qf4xd4
21.Bd3f5 Bg6xf5
22.Qd1xd4 f6
23.Ra1d1 b6
24.c4 c5
25.Qd4d6 Kb7
26.Qd6d5 { resign }
1-0

[Event "Fast Game"]
[Site "www.echecsemail.com"]
[Date "2015.10.29"]
[Round "1"]
[White "Attatroll"]
[Black "Takfarov"]
[WhiteElo "1730"]
[BlackElo "1599"]
[Result "1-0"]
[Round "1"]
1.e4 e6
2.d4 d5
3.Nb1c3 Ng8f6
4.Bc1g5 Bf8e7
5.e5 Nf6d7
6.h4 Be7xg5
7.hxg5 Qd8xg5
8.Ng1h3 Qg5e7
9.Bf1d3 c5
{ time. }
1-0

[Event "Tourn. n8379"]
[Site "www.chess-mail.com"]
[Date "2015.10.30"]
[Round "1"]
[White "Bojan"]
[Black "Jhw"]
[WhiteElo "1920"]
[BlackElo "1920"]
[Result "1-0"]
[Round "1"]
1.c4 g6
2.b3 Bf8g7
3.d4 e5
4.Bc1b2 e4
5.Qd1c2 f5
6.e3 c6
7.Nb1d2 Qd8e7
8.O-O-O Nb8a6
9.a3 b5
10.cxb5 cxb5
11.Bf1xb5 Bc8b7
12.Kb1 Ra8c8
13.Nd2c4 Ng8h6
14.Qc2e2 O-O
15.Rd1c1 Na6c7
16.Bb5a4 Bb7a6
17.Qe2d2 Nc7d5
18.Ng1e2 Nh6g4
19.Ne2g3 f4
20.Ng3f1 fxe3
21.fxe3 Rf8f2
22.Qd2a5 Ba6xc4
23.Rc1xc4 Rc8xc4
24.Qa5xd5 Qe7e6
25.Qd5xe6 dxe6
26.bxc4 Rf2xg2
27.Ba4d7 Ng4f2
28.Bd7xe6 Kf8
29.Be6d5 Nf2xh1
30.Ka2 Rg2g4
31.c5 Ke7
32.a4 Nh1f2
33.Bb2a3 Kd8
34.Kb3 h5
35.Ba3b4 Nf2d3
36.Bb4a5 Ke7
37.Ba5c7 Kd7
38.Bc7d6 a5
39.Nf1d2 Rg4g2
40.Nd2xe4 Nd3c1
41.Kc4 Rg2c2
42.Kb5 Rc2e2
43.c6 Ke8
44.c7 Kd7
45.Bd5e6 Kxe6
46.c8Q Kd5
47.Qc8c6 { resign }
1-0

[Event "Tourn. n8390"]
[Site "www.chess-mail.com"]
[Date "2015.10.30"]
[Round "1"]
[White "Maredocla"]
[Black "Jaroslavpech"]
[WhiteElo "1980"]
[BlackElo "2210"]
[Result "1-0"]
[Round "1"]
1.f4 e5
2.fxe5 d6
3.exd6 Bf8xd6
4.Ng1f3 g5
5.g3 g4
6.Nf3h4 Ng8e7
7.Bf1g2 Ne7g6
8.Nh4xg6 hxg6
9.O-O Qd8g5
10.Bg2e4 f5
11.Be4d5 Qg5h5
12.Rf1f2 c6
13.Bd5xc6 Nb8xc6
14.Qd1f1 Bd6xg3
15.Qf1g2 Bg3xf2
16.Qg2xf2 g5
17.d3 f4
18.Qf2g2 Nc6d4
19.Nb1a3  { time }
1-0

[Event "Tourn. n8343"]
[Site "www.chess-mail.com"]
[Date "2015.10.30"]
[Round "1"]
[White "Stepanpech"]
[Black "Rons"]
[WhiteElo "2400"]
[BlackElo "2570"]
[Result "0-1"]
[Round "1"]
1.e4 c5
2.Ng1f3 d6
3.d4 cxd4
4.Nf3xd4 Ng8f6
5.Nb1c3 a6
6.Bc1e3 e6
7.Bf1e2 Qd8c7
8.O-O b5
9.a4 b4
10.Nc3a2 Nf6xe4
11.c3 b3
12.Qd1xb3 Bf8e7
13.a5 Nb8d7
14.Ra1c1 Bc8b7
15.c4 O-O
16.f3 Ne4f6
17.Qb3a3 h5
18.Be3f2 Nd7e5
19.b4 Ne5g6
20.Rf1d1 Qc7c8
 { time }
0-1

[Event "Tourn. n8334"]
[Site "www.chess-mail.com"]
[Date "2015.10.30"]
[Round "1"]
[White "Falcoale"]
[Black "Luban"]
[WhiteElo "1890"]
[BlackElo "2090"]
[Result "0-1"]
[Round "1"]
1.e4 c5
2.Ng1f3 d6
3.d4 cxd4
4.Nf3xd4 Ng8f6
5.Nb1c3 a6
6.Bf1d3 e6
7.O-O Bf8e7
8.f4 Nb8c6
9.Nd4e2 Nc6b4
10.Bd3c4 b5
11.Bc4b3 Bc8b7
12.a3 Nb4c6
13.Kh1 Nc6a5
14.Bb3a2 Nf6xe4
15.Nc3xe4 Bb7xe4
16.Ne2g3 Be4g6
17.f5 exf5
18.Ng3xf5 Bg6xf5
19.Rf1xf5 O-O
20.Qd1f1 Be7f6
21.c3 Ra8c8
22.Bc1e3 Na5c4
23.Be3f4 Nc4e5
24.Ra1d1 Qd8e7
25.Rd1e1 Qe7c7
26.Bf4g5 Bf6xg5
27.Rf5xg5 Kh8
28.Re1e3 f6
29.Rg5g3 Rf8e8
30.Qf1b1 Ne5c4
31.Re3xe8 Rc8xe8
32.Rg3h3 g6
33.Qb1c1 Nc4xb2
34.Rh3e3 Re8xe3
35.Qc1xe3 Nb2d1
36.Qe3e6 Qc7d8
37.Qe6e1 Nd1b2
38.h3 Nb2d3
39.Qe1e3 Nd3c5
40.Qe3f4 Qd8e7
41.Qf4d2 Nc5e4
42.Qd2d5 Kg7
43.Qd5g8 Kh6
44.Qg8d5 Qe7e5
45.Qd5c6 Ne4f2
46.Kg1 Qe5e1
47.Kh2 Nf2d3
48.Qc6xa6 Qe1e5
49.Kh1 Qe5g3
50.Qa6xb5 Nd3f2
51.Kg1 Nf2xh3
52.Kh1 Nh3f4
53.Ba2d5 Qg3e1
54.Kh2 Qe1e5
55.c4 Nf4xd5
56.Kh1 Nd5c3
57.Qb5xe5 fxe5
58.Kg1 Kg5
59.Kf2 Kf4
60.g3 Ke4
{ resign }
0-1